000 00296 a2200121 4500
001 64099
082 _a303.321 GRE
090 _c37874
_d37874
100 _aGreene,Robert
245 _a48 Laws of Power
_hEnglish
260 _aNew Delhi
_bViva Books Private,Ltd
_c2006
300 _axxiii, 452p.
942 _aNUST-CAE
_k303.321 GRE
999 _c299172
_d299172